| 000 -LEADER |
| fixed length control field |
01782cam a22003737a 4500 |
| 001 - CONTROL NUMBER |
| control field |
15948289 |
| 003 - CONTROL NUMBER IDENTIFIER |
| control field |
Nust |
| 005 - DATE AND TIME OF LATEST TRANSACTION |
| control field |
20170503170039.0 |
| 008 - FIXED-LENGTH DATA ELEMENTS--GENERAL INFORMATION |
| fixed length control field |
091016s2008 nyua b 001 0 eng d |
| 010 ## - LIBRARY OF CONGRESS CONTROL NUMBER |
| LC control number |
2009284358 |
| 020 ## - INTERNATIONAL STANDARD BOOK NUMBER |
| International Standard Book Number |
9780060789404 |
| 020 ## - INTERNATIONAL STANDARD BOOK NUMBER |
| International Standard Book Number |
0060789409 |
| 035 ## - SYSTEM CONTROL NUMBER |
| System control number |
(OCoLC)ocn156814766 |
| 040 ## - CATALOGING SOURCE |
| Original cataloging agency |
BTCTA |
| Transcribing agency |
BTCTA |
| Modifying agency |
BAKER |
| -- |
YDXCP |
| -- |
LPU |
| -- |
HCO |
| -- |
DPL |
| -- |
TXA |
| -- |
NTD |
| -- |
VP@ |
| -- |
CQU |
| -- |
DLC |
| 042 ## - AUTHENTICATION CODE |
| Authentication code |
lccopycat |
| 050 00 - LIBRARY OF CONGRESS CALL NUMBER |
| Classification number |
Q172.5.S95 |
| Item number |
D87 2008 |
| 082 04 - DEWEY DECIMAL CLASSIFICATION NUMBER |
| Classification number |
510.92 SAU |
| Edition number |
22 |
| 100 1# - MAIN ENTRY--PERSONAL NAME |
| Personal name |
Du Sautoy, Marcus. |
| 240 10 - UNIFORM TITLE |
| Uniform title |
Finding moonshine |
| 245 10 - TITLE STATEMENT |
| Title |
Finding Moonshine : |
| Remainder of title |
A Mathematician's journey through Symmetry / |
| Statement of responsibility, etc. |
Marcus du Sautoy. |
| 260 ## - PUBLICATION, DISTRIBUTION, ETC. |
| Place of publication, distribution, etc. |
Fourth Estate,London : |
| Name of publisher, distributor, etc. |
Harper, |
| Date of publication, distribution, etc. |
c2008. |
| 300 ## - PHYSICAL DESCRIPTION |
| Extent |
376 p. : |
| Other physical details |
ill. ; |
| Dimensions |
24 cm. |
| 500 ## - GENERAL NOTE |
| General note |
"First published in Great Britain as Finding Moonshine in 2008 by Fourth Estate"--T.p. verso. |
| 504 ## - BIBLIOGRAPHY, ETC. NOTE |
| Bibliography, etc. note |
Includes bibliographical references (p. [355]-359) and index. |
| 520 ## - SUMMARY, ETC. |
| Summary, etc. |
A mathematician draws on scientific findings about the role of symmetry in understanding the dynamic relationship between objects, exploring such topics as the theory of fundamental particles, the role of symmetry in evolutionary biology, and the discovery of an enormous dimensional space snowflake. |
| 650 #0 - SUBJECT ADDED ENTRY--TOPICAL TERM |
| Topical term or geographic name entry element |
Symmetry (Mathematics) |
| 650 #0 - SUBJECT ADDED ENTRY--TOPICAL TERM |
| Topical term or geographic name entry element |
Geometry in nature. |
| 650 #7 - SUBJECT ADDED ENTRY--TOPICAL TERM |
| Topical term or geographic name entry element |
Geometry. |
| Source of heading or term |
sears |
| 650 #7 - SUBJECT ADDED ENTRY--TOPICAL TERM |
| Topical term or geographic name entry element |
Nature. |
| Source of heading or term |
sears |
| 856 42 - ELECTRONIC LOCATION AND ACCESS |
| Materials specified |
Contributor biographical information |
| Uniform Resource Identifier |
<a href="http://www.loc.gov/catdir/enhancements/fy1001/2009284358-b.html">http://www.loc.gov/catdir/enhancements/fy1001/2009284358-b.html</a> |
| 856 42 - ELECTRONIC LOCATION AND ACCESS |
| Materials specified |
Publisher description |
| Uniform Resource Identifier |
<a href="http://www.loc.gov/catdir/enhancements/fy1001/2009284358-d.html">http://www.loc.gov/catdir/enhancements/fy1001/2009284358-d.html</a> |
| 906 ## - LOCAL DATA ELEMENT F, LDF (RLIN) |
| a |
7 |
| b |
cbc |
| c |
copycat |
| d |
2 |
| e |
ncip |
| f |
20 |
| g |
y-gencatlg |
| 942 ## - ADDED ENTRY ELEMENTS (KOHA) |
| Source of classification or shelving scheme |
|
| Koha item type |
Book |
| Call number prefix |
510.92 SAU |